| 000 | 00637nam a2200241 a 4500 | ||
|---|---|---|---|
| 001 | 70949 | ||
| 003 | BD-RjUL | ||
| 005 | 20211209082046.0 | ||
| 008 | 170423s1962 paua 001 0 eng | ||
| 035 | _a(BD-RjUL)71163 | ||
| 040 |
_aDLC _cDLC _dBD-RjUL _beng |
||
| 041 | _aeng | ||
| 082 |
_a570 _223 _bVIB 1962 |
||
| 100 | 1 |
_aVillee, Claude Alvin, _d1917- _9209956 |
|
| 245 | 0 | 0 |
_aBiology / _cClaude A. Villee |
| 250 | _a4th ed. | ||
| 260 |
_aPhiladelphia : _bSaunders, _cc1962. |
||
| 300 |
_axxii, 625 p. : _bill. ; _c27 cm. |
||
| 500 | _aIncludes index | ||
| 650 | 0 |
_aBiology. _9209957 |
|
| 942 |
_2ddc _cBK |
||
| 999 |
_c70949 _d70949 |
||